书目信息 |
| 题名: |
材料力学趣话
|
|
| 作者: | 蒋持平 编著 | |
| 分册: | ||
| 出版信息: | 北京 高等教育出版社 2019.4 |
|
| 页数: | 261页 | |
| 开本: | 21cm | |
| 丛书名: | 大众力学丛书 | |
| 单 册: | ||
| 中图分类: | TB301-49 | |
| 科图分类: | ||
| 主题词: | 材料力学--普及读物 | |
| 电子资源: | ||
| ISBN: | 978-7-04-051832-0 | |
| 000 | 01296nam0 2200265 450 | |
| 001 | 202019134276 | |
| 005 | 20191002113834.0 | |
| 010 | @a978-7-04-051832-0@dCNY39.00 | |
| 100 | @a20190928d2019 em y0chiy0110 ea | |
| 101 | 0 | @achi |
| 102 | @aCN@b110000 | |
| 105 | @ay z 000yy | |
| 106 | @ar | |
| 200 | 1 | @a材料力学趣话@ACai Liao Li Xue Qu Hua@e从身边的事物到科学研究@f蒋持平编著 |
| 210 | @a北京@c高等教育出版社@d2019.4 | |
| 215 | @a261页@d21cm | |
| 225 | 2 | @a大众力学丛书@ADa Zhong Li Xue Cong Shu |
| 330 | @a本书以科普小专题的形式,介绍身边事物的若干材料力学相关研究,包括豆荚弹射籽粒和黄瓜卷须自攀援的双层预应力条设计、捕蝇草捕食昆虫的力学原理、干涸湖泊和冷却岩浆中周期分级裂纹网的形成、超强韧贝壳和超柔韧蜘蛛丝的跨尺度微结构、雾姥甲虫“斗”雾、人厌槐叶萍“闭”水、复合材料的乘积效应、人类精湛复杂的折纸技艺、自然简约神妙的折纸运动与折纸型超材料的研究等。 本书注重从《Science》《Nature》等国际顶级科技期刊选材,同时结合作者的科研和教学积累,可供中学生、大学生和中等文化程度以上的读者阅读。 | |
| 410 | 0 | @12001 @a大众力学丛书 |
| 517 | 1 | @a从身边的事物到科学研究@ACong Shen Bian De Shi Wu Dao Ke Xue Yan Jiu |
| 606 | 0 | @a材料力学@x普及读物 |
| 690 | @aTB301-49@v5 | |
| 701 | 0 | @a蒋持平@AJiang Chi Ping@4编著 |
| 801 | 0 | @aCN@c20190905 |
| 905 | @a河南城建学院图书馆@dTB301-49@eJ554 | |
| 材料力学趣话:从身边的事物到科学研究/蒋持平编著.-北京:高等教育出版社,2019.4 |
| 261页;21cm.-(大众力学丛书) |
| ISBN 978-7-04-051832-0:CNY39.00 |
| 本书以科普小专题的形式,介绍身边事物的若干材料力学相关研究,包括豆荚弹射籽粒和黄瓜卷须自攀援的双层预应力条设计、捕蝇草捕食昆虫的力学原理、干涸湖泊和冷却岩浆中周期分级裂纹网的形成、超强韧贝壳和超柔韧蜘蛛丝的跨尺度微结构、雾姥甲虫“斗”雾、人厌槐叶萍“闭”水、复合材料的乘积效应、人类精湛复杂的折纸技艺、自然简约神妙的折纸运动与折纸型超材料的研究等。 本书注重从《Science》《Nature》等国际顶级科技期刊选材,同时结合作者的科研和教学积累,可供中学生、大学生和中等文化程度以上的读者阅读。 |
| ● |
| 相关链接 |
|
|
|
正题名:材料力学趣话
索取号:TB301-49/J554
 
预约/预借
| 序号 | 登录号 | 条形码 | 馆藏地/架位号 | 状态 | 备注 |
| 1 | 1442161 | 214421614 | 自科库501/501自科库 12排1列4层/ [索取号:TB301-49/J554] | 在馆 | |
| 2 | 1442162 | 214421623 | 自科库501/501自科库 12排1列4层/ [索取号:TB301-49/J554] | 在馆 |